| 000 | 01218cam a22001934a 4500 | ||
|---|---|---|---|
| 005 | 20250605164118.0 | ||
| 008 | 250528s ||||||||||||||||||||||||d | ||
| 035 | _a18171 | ||
| 020 | _a782111785 | ||
| 040 |
_aGR-AtMCL _bgre _dGR-AtMCL _eAACR2 |
||
| 245 | 1 | _aMastering FoxPro 2.5 / Special Edition | |
| 260 |
_bSybex, _c1993 |
||
| 300 | _a960 | ||
| 520 | _aFor the FoxPro novice, this book offers a thorough introduction to using FoxPro for virtually any database application. Introduction, Using FoxPro, Getting Acquainted with FoxPro, Creating a Database Structure, Adding and Editing and Viewing Data, Understanding Indexes and Expressions, Using Queries and Logical Expressions, Generating Reports and Mailing Labels, Adding Power, Using Relational Databases and the View Window and RQBE, Getting the Most from FoxPro's Utilities, Programming with FoxPro, Expanding Your Capabilities through Programming, Understanding the Screen Builder, Write Your Own Simple Menu Application, Using the Menu Builder, Applications and EXE Files, Installing FoxPro on You PC, The FoxPro Utilities, The Essential Reference, Index. | ||
| 700 | 1 |
_aSiegel Charles _94454 |
|
| 942 | _cBK | ||
| 999 |
_c3551 _d3551 |
||